000
00234 a2200097 4500
001
1326
100
_a
245
_a
Stress wave propagation in materials
260
_a
london
_b
Institution of production enggs
_c
1960
090
_c
884
_d
884
942
_a
NUST-CAE
_c
_c
35644
999
_c
236399
_d
236399